| 000 | 00916cab a2200217 4500 | ||
|---|---|---|---|
| 001 | X85672 | ||
| 008 | 090401t1998 xxu||||| |||| 00| 0 eng d | ||
| 035 | _a(Sirsi) u85672 | ||
| 041 | _aeng | ||
| 245 | _aPlanning permission | ||
| 260 | _c1998 | ||
| 350 | _a0 | ||
| 490 |
_aEstates Gazette _v[1998] EGCS 58 (11/04/98) |
||
| 520 | _a"Epsom Skip Hire Ltd v SoS Environment and another" QBD 31 March 1998. Applications for planning permission dismissed by council - Inspector dismissing appeals - whether inspector failing to consider material consideration in order to assess established use of site - application for inspector`s decision to be quashed allowed. HEADNOTE FROM JOURNAL. | ||
| 650 | _aEPSOM SKIP HIRE LTD V SOS ENVIRONMENT AND ANOTHER | ||
| 650 | _aMATERIAL CONSIDERATION | ||
| 650 | _aPLANNING PERMISSION | ||
| 690 | _aPLANNING LAW AND PRACTICE-CASE LAW | ||
| 942 | _n0 | ||
| 948 | _c17/04/1998 | ||
| 999 |
_c53888 _d53888 |
||